000 00661cam a22002413a 4500
001 18545
003 PGUSA
005 20140828083408.0
008 060609s2006||||xxu|||||s|||||000 1 eng d
040 _aPGUSA
_beng
042 _adc
050 4 _aPQ
100 1 _aFrance, Anatole,
_d1844-1924
245 1 2 _aA Mummer's Tale
_h[electronic resource] /
_cAnatole France
260 _bProject Gutenberg,
_c2006
506 _aPublic domain in the USA.
516 _aElectronic text
653 _aFiction
700 1 _aRoche, Charles E.
_q(Charles Emile)
830 0 _aProject Gutenberg
_v18545
856 4 0 _uhttp://www.gutenberg.org/ebooks/18545
942 _cEB
999 _c247800
_d247800